Boh na lyžiach

Uložené v:
Podrobná bibliografia
Médium: Kniha
Jazyk:Slovak
Vydavateľské údaje: Bratislava Šport 1984
Tagy: Pridať tag
Žiadne tagy, Buďte prvý, kto otaguje tento záznam!

MARC

LEADER 00000nam a2200000 4500
001 c111613
005 20260122164839.9
041 0 |a slo 
044 |a SK 
245 1 0 |a Boh na lyžiach  |c Fedor Martiš 
264 1 |a Bratislava  |b Šport  |c 1984 
300 |a 101 s.